Quizzes
Events
Quiz Creation
Community
Videos
Private Events
Remove Ads
Sign In
Join for FREE
Feedback
Dark Mode
Quiz Categories
Sports
Geography
Music
Movies
Television
Just For Fun
Miscellaneous
History
Literature
Language
Science
Gaming
Entertainment
Religion
Holiday
For Kids
Quiz Lab
Recent
Popular Today
Quiz Kudos Today
Editor Picks
Curator Picks
Quizzes by...
Day
Popularity
Type
Ratings
Length
Year
Community
Subscriptions
Recent Discussions
Orange Saloon
Badges
Playlists
Quests
Create
Leaderboards
Showdown
Live 5
Trivia Bingo
Activity
Puzzle Library
Sporcle Events
Private Events
Virtual Trivia
Globe League
Become a Host
Pub Owners
SporcleCon
Opinionation
Our Games
Videos
Blog
Mobile Apps
Partnerships
Remove Ads and Go Orange
Feedback
Music
Pop Music
The Beatles
Song
Album
Lyrics
Bands
Singers
Artist
Clip
Rock
Rap
Classical
Billboard
Country Music
Kpop
Taylor Swift
Music
Pop Music
The Beatles
Song
Album
Lyrics
Bands
Singers
Artist
Clip
Rock
Rap
Classical
Billboard
Country Music
Kpop
Taylor Swift
Random Quiz
Search Sporcle
×
Quiz Lab
Quiz Lab
Music
Kpop
Type answers based on single images at one time
Type answers based on single images at one time
Slideshow
Best Score? Go Orange.
Kpop tag @knkenthusiast !! Stats
Czennies this is for you
By
icydiamonds
15m
56 Questions
77 Plays
77 Plays
77 Plays
Comments
Comments
Give Quiz Kudos
Give Quiz Kudos
-
- Ratings
hide this ad
No Peeking
Image is hidden before quiz starts
Image is hidden before quiz starts
Replay
Link that replays current quiz
Next Quiz
Link to next quiz in quiz playlist
You Got
0%
They Got
Avg Score
84%
Avg Friend Score
Upgrade to see
Score Distribution
Jump to the score distribution portion of the page
Score
0/56
Timer
15:00
0
Plays Today
% Correct
nct
100%
seokjin
98.7%
seventeen
98.7%
taemin
98.7%
taemin
98.7%
taemin
98.7%
seokjin
98.7%
jungkook
98.7%
vmin
98.7%
txt
98.7%
nct 127
98.7%
nct
98.7%
mark
97.4%
shinee
97.4%
nctzens
97.4%
nct 127
97.4%
jisung
96.1%
kick it
94.8%
mark
94.8%
yuta
93.5%
donghyuck
93.5%
cherry bomb
93.5%
fancy
93.5%
donghyuck
93.5%
loona
92.2%
the rose
92.2%
cherry bomb
90.9%
jaehyun
90.9%
% Correct
superhuman
89.6%
jisung
89.6%
the 7th sense
88.3%
donghyuck
88.3%
ten
88.3%
doyoung
88.3%
donghyuck
88.3%
butterfly
87%
highway to heaven
87%
black swan
84.4%
haechan boom
84.4%
wolf
83.1%
orbits
80.5%
yangyang
79.2%
b.a.p
75.3%
a.c.e
74%
hit
72.7%
obsession
72.7%
superhuman
71.4%
heejin
70.1%
yves
64.9%
i guess i need you
63.6%
baby
61%
tempo
58.4%
yongguk
53.2%
4 walls
42.9%
thirsty
41.6%
shangri-la
33.8%
Quiz Playlist
Details
Report
Send in Message
Add To Playlist
Slideshow:
Type answers based on single images at one time
No Peeking:
Image is hidden before quiz starts
Last Updated: May 12, 2020
Quiz Scoreboard
CHALLENGE
Sign Up to Join the Scoreboard
Show All
Scores
Hide
Comments
May contain spoilers
Recently Published
An Introduction to Baseball
by treessimontrees
Sports
5m
Movies - When Are They Set?
by FPL_Elf
Movies
5m
Popular People in 1961
by mucciniale
History
6m
More to Explore
Quiz From the Vault
Featured Blog Post
Where Did the Easter Bunny Come From?
hide this ad
You Might Also Like...
Tags
Kpop Quiz
Today's Top Quizzes in Music
Browse Music
hide this ad
Today's Top Quizzes in Kpop
Browse Kpop
Top Contributed Quizzes in Music
1
Taylor Swift All Songs (2024)
2
Guess the Artist- 70s Songs
3
KPOP LOGIC QUIZ
4
One Thing in Common: Music
5
2010s Album by Cover III
6
Guess the Taylor Swift song (Mystery Song)
7
Taylor Swift Logic Puzzle
8
2010s Album by Cover IV
9
2010s Album by Cover V
10
Kpop Logic Quiz
Explore More
Trending Topics
Anime
Marvel
Harry Potter
Kpop
Disney
NBA
Crossword
Puzzle
Pokémon
The Office
WWE
Country
Soccer
Song
NFL
hide this ad
More By:
icydiamonds
Quiz
Plays
Rating
Category
Featured
Created
guess my most played kpop songs of 2020 (so far)
724
3.57
Music
Feb 28, 2020
name the loona members by picture
508
5.00
Music
Aug 3, 2020
match the solo to bts member
505
5.00
Music
Feb 1, 2020
name the loona member from my description
504
3.86
Music
Feb 1, 2020
guess the kpop group based on my favourite title track
303
4.20
Music
Mar 26, 2020
Go to Creator's Profile
Score Distribution
Quiz Creator Spotlight
icydiamonds
Follow
Send a Message
Quizzes Created
-
Created Quiz Play Count
-
More By This Creator
Popular Quizzes Today
1
Find the Countries of Europe - No Outlines Minefield
2
Find the US States - No Outlines Minefield
3
The Countries of the World
4
Popular People in 1961
5
US States
6
Find the US States
7
1-10 Letter E Words III
8
Risky Map Clicking: Biggest States A-Z
More Music Quizzes
One Subcategory in 15 Categories - Bands
Published
Trending Quizzes
Risky Map Clicking: Least Populous States A-Z
1-10 Letter F Words
1-10 Letter G Words
One Thing in Common: United Kingdom
Risky Map Clicking: Next State Alphabetically
Recently Updated
Leaping Animals
pecheneg
Reality TV Shows (A-Z)
bhenderson79
Rickey Henderson's Hall of Fame Teammates
pecheneg
Champions League XIs: Arsenal
pecheneg
Quick Pick: Celebrities in WWE's Hall of Fame
aduchscher
A-Z Keypad Blitz II
pecheneg
Multiple Oscar Actors
pecheneg
Mystery Phrase Blitz: Oscar 'Best Actors'
pecheneg
F. Scott Fitzgerald Novels
LTH
Pick 3 Villains
ddd62291
Trending Topics
Anime
Crossword
Kpop
Harry Potter
NBA
Marvel
Disney
Song
Pokémon
Soccer
NFL
Country
WWE
Puzzle
The Office
Your Account Isn't Verified!
In order to create a playlist on Sporcle, you need to verify the email address you used during registration. Go to your
Sporcle Settings
to finish the process.
Report this User
Report this user for behavior that violates our
Community Guidelines
.
Details:
Send Report
Go to the Sporcle.com Mobile Site →
Comments